| 000 | 01006nam a22003137a 4500 | ||
|---|---|---|---|
| 003 | CHAP | ||
| 005 | 20220817041749.0 | ||
| 008 | 971013s1968 r 00010 d | ||
| 010 | _a23711 | ||
| 011 | _a24683 | ||
| 035 | _a28782 | ||
| 040 | _cCHAP | ||
| 082 |
_a332.3 _bC62 1968 |
||
| 110 |
_aComisión Nacional Bancaria. México _925758 |
||
| 245 | _aDirectorios de instituciones de crédito y organizaciones auxiliares | ||
| 250 | _a2 ed. | ||
| 260 |
_a(s.l.) : _bSecretaría de Hacienda y Crédito Público, _c1968 |
||
| 300 | _a449 p. | ||
| 590 |
_aBATCH-UPD _b10 _c20130110 _lUCH01 _h0223 |
||
| 590 |
_aBATCH-UPD _b10 _c20130110 _lUCH01 _h1458 |
||
| 590 |
_aBATCH-UPD _b10 _c20130409 _lUCH01 _h2244 |
||
| 590 |
_aBATCH-UPD _b10 _c20130914 _lUCH01 _h1059 |
||
| 590 |
_aCONVERSION _b10 _c20130109 _lUCH01 _h1314 |
||
| 650 | 1 | 4 |
_aCrédito agrícola _xDirectorios. _929049 |
| 650 | 1 | 4 | _aCrédito. |
| 901 | _aBK | ||
| 942 | _cLIBRO | ||
| 949 |
_a332.3 C62 1968 _bBC _cC _d33724000532693 _eC _h42027 _i28782 _mD _si |
||
| 999 |
_c23711 _d23711 |
||